拒绝任何籍口! (Record no. 45473)

000 -LEADER
fixed length control field 00474nam a22001937a 4500
003 - CONTROL NUMBER IDENTIFIER
control field MPLRDC
005 - DATE AND TIME OF LATEST TRANSACTION
control field 20220104144015.0
008 - FIXED-LENGTH DATA ELEMENTS--GENERAL INFORMATION
fixed length control field 210129b ||||| |||| 00| 0 eng d
020 ## - INTERNATIONAL STANDARD BOOK NUMBER
International Standard Book Number 986-6941-99-3
082 ## - DEWEY DECIMAL CLASSIFICATION NUMBER
Classification number 177.2 HSQ
100 ## - MAIN ENTRY--PERSONAL NAME
Personal name 郝士强
245 ## - TITLE STATEMENT
Title 拒绝任何籍口!
Statement of responsibility, etc.
250 ## - EDITION STATEMENT
Edition statement 初版
260 ## - PUBLICATION, DISTRIBUTION, ETC.
Place of publication, distribution, etc. 台湾
Name of publisher, distributor, etc. 达观出版事业有限公司
Date of publication, distribution, etc. 2009
300 ## - PHYSICAL DESCRIPTION
Other physical details 277
490 ## - SERIES STATEMENT
Series statement 达观读书会. 31
650 ## - SUBJECT ADDED ENTRY--TOPICAL TERM
Topical term or geographic name entry element 成功法
942 ## - ADDED ENTRY ELEMENTS (KOHA)
Koha item type Book
-- 177.2 HSQ
Holdings
Withdrawn status Lost status Source of classification or shelving scheme Damaged status Not for loan Collection code Home library Current library Shelving location Date acquired Cost, normal purchase price Total Checkouts Full call number Barcode Date last seen Date last checked out Price effective from Koha item type Public note
            Malaysian Public Library, Research and Development Centre Malaysian Public Library, Research and Development Centre   10/12/2007 28.50   177.2 HSQ 00045625 18/03/2021 12/01/2018 18/03/2021 Book mplrdc

© 2022. Malaysian Public Library, Research and Development Centre. All Right ReservedE-mailmplrdc@help.edu.my 

Powered by Koha